[Event "V Festival Open"]
[Site "Catania ITA"]
[Date "1994.08.14"]
[Round "9"]
[White "Alaimo, Riccardo"]
[Black "Canonico, Francesco"]
[Result "0-1"]
[WhiteElo "1837"]
[BlackElo "1782"]
[PlyCount "56"]
[EventDate "1994.08.06"]

1. e4 e5 2. Nf3 Nc6 3. Bc4 Be7 4. d4 exd4 5. c3 dxc3 6. Qd5 Nh6 7. Bxh6 O-O 8.
Bxg7 Kxg7 9. Nxc3 d6 10. O-O Be6 11. Qd3 Bxc4 12. Qxc4 Ne5 13. Nxe5 dxe5 14.
Rad1 Bd6 15. Rd3 a6 16. f4 b5 17. Qd5 Bc5+ 18. Kh1 Bd4 19. Qb3 f5 20. Qd1 b4
21. fxe5 fxe4 22. Nxe4 Rxf1+ 23. Qxf1 Qf8 24. Nf6 Bxe5 25. Rd7+ Kg6 26. h4 Qxf6
27. Qd3+ Qf5 28. h5+ Kg5 0-1

[Event "V Festival Magistrale"]
[Site "Catania ITA"]
[Date "1994.08.06"]
[Round "1"]
[White "Ciampi, Vincenzo"]
[Black "Zueger, Beat"]
[Result "1/2-1/2"]
[WhiteElo "2175"]
[BlackElo "2420"]
[PlyCount "68"]
[EventDate "1994.08.06"]

1. e4 c5 2. Nc3 Nc6 3. g3 g6 4. Bg2 Bg7 5. d3 d6 6. Be3 e5 7. Qd2 Nge7 8. Nge2
Nd4 9. O-O O-O 10. f4 Be6 11. Rf2 Qb6 12. fxe5 dxe5 13. b3 Rad8 14. Raf1 f6 15.
Kh1 Qd6 16. Bh6 g5 17. Bxg7 Kxg7 18. Nd1 b5 19. Ne3 b4 20. Nc4 Bxc4 21. Nxd4
Bxd3 22. cxd3 cxd4 23. Bh3 h5 24. Bf5 Rh8 25. h4 g4 26. Re1 Nxf5 27. Rxf5 Kg6
28. Ref1 Rdf8 29. Qc1 Rh7 30. Rg5+ Kf7 31. Qc4+ Ke7 32. Rgf5 Kd8 33. Qb5 Rff7
34. Rc1 Rb7 1/2-1/2

[Event "V Festival Magistrale"]
[Site "Catania ITA"]
[Date "1994.08.06"]
[Round "1"]
[White "D'Amore, Carlo"]
[Black "Agnello, Giuseppe"]
[Result "1-0"]
[WhiteElo "2420"]
[BlackElo "2195"]
[PlyCount "45"]
[EventDate "1994.08.06"]

1. Nf3 Nf6 2. g3 g6 3. b3 Bg7 4. Bb2 O-O 5. Bg2 d6 6. d4 Nbd7 7. O-O e5 8. dxe5
Ng4 9. Nc3 Ngxe5 10. Nxe5 dxe5 11. a4 a5 12. Nb5 c6 13. Nd6 Qc7 14. Qd2 Nc5 15.
f4 Qb6 16. Kh1 exf4 17. Bxg7 Kxg7 18. Rxf4 Be6 19. Raf1 Rad8 20. Rh4 h5 21.
Rxh5 gxh5 22. Qg5+ Kh7 23. Rf6 1-0

[Event "V Festival Magistrale"]
[Site "Catania ITA"]
[Date "1994.08.06"]
[Round "1"]
[White "De La Rocha Prieto, Ramon"]
[Black "Godena, Michele"]
[Result "0-1"]
[WhiteElo "2340"]
[BlackElo "2485"]
[PlyCount "36"]
[EventDate "1994.08.06"]

1. d4 d5 2. c4 e6 3. Nf3 c6 4. Nc3 Nf6 5. cxd5 exd5 6. Bg5 Bf5 7. Qb3 Qb6 8.
Qxb6 axb6 9. Bxf6 gxf6 10. Nh4 Be6 11. e3 b5 12. Bd3 Nd7 13. O-O Nb6 14. Ne2
Bd6 15. Nf5 Bc7 16. Rfc1 Ra5 17. a3 Nc4 18. Rab1 Nd2 0-1

[Event "V Festival Magistrale"]
[Site "Catania ITA"]
[Date "1994.08.06"]
[Round "1"]
[White "Fabiano, Giuseppe"]
[Black "Arlandi, Ennio"]
[Result "0-1"]
[WhiteElo "2210"]
[BlackElo "2425"]
[PlyCount "72"]
[EventDate "1994.08.06"]

1. Nf3 d6 2. g3 e5 3. Bg2 f5 4. c4 Nf6 5. Nc3 c6 6. d4 e4 7. Ng5 h6 8. Nh3 g5
9. Ng1 d5 10. cxd5 Nxd5 11. f3 Bb4 12. e3 Nxc3 13. bxc3 Bxc3+ 14. Bd2 Bxa1 15.
Qxa1 exf3 16. Nxf3 O-O 17. h4 g4 18. Ne5 Qd6 19. Kf2 Nd7 20. Nd3 Re8 21. e4
fxe4 22. Re1 Nf6 23. Ne5 Rxe5 24. dxe5 Qxd2+ 25. Re2 e3+ 26. Kf1 Qd3 27. exf6
Be6 28. Qe5 Qd1+ 29. Re1 Bc4+ 30. Kg1 Qxe1+ 31. Kh2 Bf7 32. Qf5 Qe2 33. Qf4 Bd5
34. f7+ Bxf7 35. Qxh6 Re8 36. h5 Re5 0-1

[Event "V Festival Magistrale"]
[Site "Catania ITA"]
[Date "1994.08.06"]
[Round "1"]
[White "Gueci, Riccardo"]
[Black "Levitt, Jonathan Paul"]
[Result "1/2-1/2"]
[WhiteElo "2205"]
[BlackElo "2425"]
[PlyCount "73"]
[EventDate "1994.08.06"]

1. e4 e6 2. d4 d5 3. Nc3 Bb4 4. exd5 exd5 5. Bd3 Nc6 6. a3 Bxc3+ 7. bxc3 Be6 8.
Qf3 Nge7 9. Nh3 Qd7 10. Ng5 h6 11. Nxe6 Qxe6+ 12. Be3 f5 13. O-O g5 14. Rfe1
Qf7 15. Rab1 Na5 16. Bd2 O-O-O 17. c4 Nac6 18. cxd5 Qxd5 19. Qxd5 Rxd5 20. c4
Rxd4 21. Bc3 Rh7 22. Bxd4 Nxd4 23. Re5 Rf7 24. Rbe1 Nec6 25. Rd5 b6 26. c5 Kb7
27. cxb6 axb6 28. Re8 Rf6 29. f3 f4 30. Kf2 Nb3 31. Be4 Nc5 32. Bc2 Na5 33. Rd4
Nab3 34. Rb4 Nc1 35. Rd4 N1b3 36. Rdd8 Na5 37. Rd4 1/2-1/2

[Event "V Festival Magistrale"]
[Site "Catania ITA"]
[Date "1994.08.06"]
[Round "1"]
[White "Lagumina, Giulio"]
[Black "Naumkin, Igor"]
[Result "0-1"]
[WhiteElo "2290"]
[BlackElo "2475"]
[PlyCount "44"]
[EventDate "1994.08.06"]

1. e4 e6 2. d4 d5 3. Nc3 Bb4 4. e5 c5 5. a3 Bxc3+ 6. bxc3 Ne7 7. h4 Nbc6 8. h5
h6 9. Qg4 Qc7 10. Qxg7 Rg8 11. Qf6 cxd4 12. Nf3 Bd7 13. Bd3 Rxg2 14. cxd4 O-O-O
15. Be3 Nf5 16. Qxf7 Nxe3 17. fxe3 Qa5+ 18. Kf1 Rgg8 19. Qh7 Rdf8 20. Be2 Qc3
21. Kf2 Nxd4 22. Rag1 Rxf3+ 0-1

[Event "V Festival Magistrale"]
[Site "Catania ITA"]
[Date "1994.08.06"]
[Round "1"]
[White "Mantovani, Renzo"]
[Black "Maksimenko, Andrei"]
[Result "1/2-1/2"]
[WhiteElo "2365"]
[BlackElo "2525"]
[PlyCount "46"]
[EventDate "1994.08.06"]

1. d4 Nf6 2. Nf3 d5 3. c4 e6 4. Nc3 c6 5. cxd5 exd5 6. Bf4 Bd6 7. Bxd6 Qxd6 8.
e3 Bf5 9. Bd3 Bxd3 10. Qxd3 O-O 11. O-O Nbd7 12. b4 b5 13. a4 a6 14. Rfb1 Nb6
15. Qd1 Nc4 16. Ne1 Ne4 17. Qc2 Ned2 18. Rd1 a5 19. Rxd2 Nxd2 20. Qxd2 axb4 21.
Na2 b3 22. Nc3 bxa4 23. Rxa4 Rxa4 1/2-1/2

[Event "V Festival Magistrale"]
[Site "Catania ITA"]
[Date "1994.08.06"]
[Round "1"]
[White "Ortega, Lexy"]
[Black "Pantaleoni, Claudio"]
[Result "1-0"]
[WhiteElo "2450"]
[BlackElo "2225"]
[PlyCount "89"]
[EventDate "1994.08.06"]

1. Nf3 Nf6 2. g3 b6 3. d4 Bb7 4. c4 e6 5. Bg2 Be7 6. Nc3 Ne4 7. Bd2 Bf6 8. Qc2
Nxd2 9. Qxd2 O-O 10. d5 d6 11. Nd4 Bxd4 12. Qxd4 Nd7 13. O-O e5 14. Qd2 h6 15.
f4 Qe7 16. f5 Nf6 17. h3 Rac8 18. a4 a5 19. b3 Nd7 20. Rab1 Qg5 21. Qd3 Nc5 22.
h4 Qg4 23. Qe3 f6 24. Kh2 Ba6 25. Ne4 Nxe4 26. Bxe4 Rce8 27. Rf3 Bc8 28. Rbf1
Bd7 29. Qd3 Re7 30. R3f2 Rfe8 31. Kg2 Rf8 32. Rh1 Qh5 33. Kf1 Qg4 34. Ke1 Rc8
35. Kd2 Kf8 36. Kc3 Ree8 37. Bg2 Re7 38. Qe3 Rce8 39. Be4 Rc8 40. Rfh2 Ree8 41.
Rf1 Ke7 42. Rfh1 Rh8 43. Kc2 Rce8 44. h5 Qg5 45. Qf3 1-0

[Event "V Festival Magistrale"]
[Site "Catania ITA"]
[Date "1994.08.06"]
[Round "1"]
[White "Rausis, Igors"]
[Black "Zichichi, Alvise"]
[Result "1-0"]
[WhiteElo "2485"]
[BlackElo "2295"]
[PlyCount "68"]
[EventDate "1994.08.06"]

1. e4 c5 2. c3 d5 3. exd5 Qxd5 4. Nf3 Nf6 5. Be2 Nc6 6. d4 cxd4 7. cxd4 e6 8.
O-O Be7 9. Nc3 Qd8 10. Bg5 O-O 11. Rc1 Bd7 12. Qd2 Rc8 13. Rfd1 Nd5 14. Nxd5
Bxg5 15. Nxg5 exd5 16. Rc5 f6 17. Nf3 Be6 18. Qf4 Qb6 19. Rb5 Qc7 20. Qd2 Ne7
21. h3 b6 22. Rb3 Qd6 23. Ba6 Rc7 24. Re1 Bf5 25. Rc3 Rxc3 26. Qxc3 Bc8 27.
Rxe7 Bxa6 28. Rxa7 Be2 29. Nh4 g6 30. Qe3 Bb5 31. Qh6 Bd7 32. Nxg6 Re8 33. Qf4
Re1+ 34. Kh2 Qc6 1-0

[Event "V Festival Magistrale"]
[Site "Catania ITA"]
[Date "1994.08.06"]
[Round "1"]
[White "Sale, Srdjan"]
[Black "Stassi, Emilio"]
[Result "1-0"]
[WhiteElo "2405"]
[BlackElo "2150"]
[PlyCount "41"]
[EventDate "1994.08.06"]

1. Nf3 Nf6 2. g3 d5 3. Bg2 Bf5 4. c4 g6 5. Qb3 Bc8 6. cxd5 Qxd5 7. Nc3 Qa5 8.
Ng5 Qxg5 9. Bxb7 Nbd7 10. Bxa8 Bg7 11. d4 Qf5 12. O-O O-O 13. Bg2 Qh5 14. e4 c5
15. e5 Ng4 16. h3 Nh6 17. Nd5 cxd4 18. Nxe7+ Kh8 19. Bxh6 Qxh6 20. Nxc8 Rxc8
21. f4 1-0

[Event "V Festival Magistrale"]
[Site "Catania ITA"]
[Date "1994.08.06"]
[Round "1"]
[White "Sarno, Spartaco"]
[Black "Petursson, Margeir"]
[Result "1/2-1/2"]
[WhiteElo "2390"]
[BlackElo "2540"]
[PlyCount "81"]
[EventDate "1994.08.06"]

1. c4 e5 2. Nc3 Nf6 3. Nf3 Nc6 4. g3 d5 5. cxd5 Nxd5 6. Bg2 Nb6 7. O-O Be7 8.
Rb1 a5 9. a3 O-O 10. b4 axb4 11. axb4 Bf5 12. b5 Nd4 13. d3 f6 14. Nh4 Bg4 15.
Re1 f5 16. Nf3 Bxf3 17. exf3 Bd6 18. Ne2 Nxe2+ 19. Rxe2 f4 20. Bb2 Qg5 21. Qb3+
Kh8 22. Rbe1 Nd7 23. Qd5 Qg6 24. d4 exd4 25. Bxd4 b6 26. Re6 Qf7 27. Qg5 Nf6
28. Bf1 Ra4 29. Bxf6 gxf6 30. Qf5 Qg6 31. Bd3 Qxf5 32. Bxf5 Kg7 33. R6e4 Ra2
34. R1e2 Rfa8 35. Kg2 R8a5 36. Bd7 Rxe2 37. Rxe2 Ra3 38. Bc6 Rc3 39. Bd7 Ra3
40. Bc6 Rc3 41. Bd7 1/2-1/2

[Event "V Festival Magistrale"]
[Site "Catania ITA"]
[Date "1994.08.06"]
[Round "1"]
[White "Sax, Gyula"]
[Black "Marinelli, Tullio"]
[Result "1/2-1/2"]
[WhiteElo "2530"]
[BlackElo "2375"]
[PlyCount "120"]
[EventDate "1994.08.06"]

1. e4 c5 2. Nf3 d6 3. d4 cxd4 4. Nxd4 Nf6 5. Nc3 a6 6. f4 e5 7. Nf3 Qc7 8. Bd3
Be7 9. O-O O-O 10. Kh1 b5 11. Qe1 Nbd7 12. Nh4 b4 13. Nf5 Nc5 14. fxe5 dxe5 15.
Nd1 Bxf5 16. Rxf5 Nxd3 17. cxd3 Qd6 18. Rf3 Bd8 19. Bd2 a5 20. a3 bxa3 21. Rxa3
Bb6 22. h3 Rfc8 23. Bc3 a4 24. Bb4 Bc5 25. Bxc5 Qxc5 26. Nc3 Qb4 27. Qa1 Rab8
28. Rf2 Qd4 29. Qf1 Nh5 30. Kh2 Nf4 31. Rxa4 Qd7 32. Ra1 Rb6 33. Ra5 Rd6 34.
Nd5 Nxd5 35. exd5 Rxd5 36. Rxf7 Qxf7 37. Qxf7+ Kxf7 38. Rxd5 Ke6 39. Rb5 Rd8
40. Rb3 h5 41. Kg3 Rf8 42. Rb6+ Kd5 43. Rg6 Kd4 44. Rd6+ Kc5 45. Rd7 g5 46. b4+
Kxb4 47. Rd5 Rf4 48. Rxe5 h4+ 49. Kh2 Kc3 50. Rxg5 Kxd3 51. Rg4 Ke3 52. g3 Rf2+
53. Kg1 Ra2 54. gxh4 Kf3 55. h5 Ra1+ 56. Kh2 Ra2+ 57. Kh1 Ra5 58. h6 Rh5 59.
Rg6 Rxh3+ 60. Kg1 Rh5 1/2-1/2

[Event "V Festival Magistrale"]
[Site "Catania ITA"]
[Date "1994.08.06"]
[Round "1"]
[White "Szekely, Peter"]
[Black "Sedina, Elena"]
[Result "1-0"]
[WhiteElo "2490"]
[BlackElo "2335"]
[PlyCount "49"]
[EventDate "1994.08.06"]

1. Nf3 Nf6 2. c4 c6 3. d4 d5 4. cxd5 cxd5 5. Nc3 Nc6 6. Bf4 Bf5 7. e3 e6 8. Qb3
Bb4 9. Bb5 Qa5 10. O-O O-O 11. Bxc6 bxc6 12. Bc7 Qxc7 13. Qxb4 Rab8 14. Qa3 Nd7
15. Na4 Qa5 16. b3 Nb6 17. Ne5 Rbc8 18. Rfc1 Qa6 19. Nxc6 Kh8 20. Ne7 Rcd8 21.
Rc7 Bd3 22. Nc6 Rde8 23. Nb4 Qa5 24. Nxd3 Nxa4 25. Rac1 1-0

[Event "V Festival Magistrale"]
[Site "Catania ITA"]
[Date "1994.08.06"]
[Round "1"]
[White "Urday Caceres, Henry"]
[Black "Genovese, Maurizio"]
[Result "0-1"]
[WhiteElo "2470"]
[BlackElo "2250"]
[PlyCount "56"]
[EventDate "1994.08.06"]

1. d4 d5 2. c4 e6 3. Nc3 Be7 4. cxd5 exd5 5. Bf4 Nf6 6. e3 Bf5 7. Qb3 Nc6 8.
Qxb7 Nb4 9. Rc1 O-O 10. Nf3 Nc2+ 11. Kd1 Rb8 12. Bxc7 Rxb7 13. Bxd8 Bxd8 14.
Rxc2 Bxc2+ 15. Kxc2 Ba5 16. Bd3 Bxc3 17. bxc3 Rfb8 18. Nd2 Rb2+ 19. Kc1 Rxa2
20. f3 a5 21. Bb1 Rab2 22. Bc2 a4 23. Bxa4 Ra2 24. Bc2 Rbb2 25. Bb1 Rxd2 26.
Bxa2 Rxa2 27. Re1 Rxg2 28. e4 Kf8 0-1

[Event "V Festival Magistrale"]
[Site "Catania ITA"]
[Date "1994.08.07"]
[Round "2"]
[White "Agnello, Giuseppe"]
[Black "Lagumina, Giulio"]
[Result "1/2-1/2"]
[WhiteElo "2195"]
[BlackElo "2290"]
[PlyCount "51"]
[EventDate "1994.08.06"]

1. e4 e5 2. Nf3 d6 3. d4 exd4 4. Nxd4 g6 5. Nc3 Bg7 6. Be3 Nf6 7. Qd2 O-O 8.
O-O-O Re8 9. f3 Nc6 10. g4 Ne5 11. Be2 a6 12. Bh6 Bh8 13. Bg5 b5 14. h4 c5 15.
Nb3 c4 16. Nc5 b4 17. N3a4 Bxg4 18. fxg4 dxc5 19. Qf4 Qa5 20. Bxf6 Bxf6 21.
Qxf6 Re6 22. Qf1 Qxa4 23. Bxc4 Nxc4 24. Qxc4 Rc8 25. Rhf1 Qc6 26. Rf4 1/2-1/2

[Event "V Festival Magistrale"]
[Site "Catania ITA"]
[Date "1994.08.07"]
[Round "2"]
[White "Forintos, Gyozo Victor"]
[Black "D'Amore, Carlo"]
[Result "0-1"]
[WhiteElo "2450"]
[BlackElo "2420"]
[PlyCount "128"]
[EventDate "1994.08.06"]

1. d4 d6 2. Nf3 Nf6 3. c4 g6 4. Nc3 Bg7 5. g3 O-O 6. Bg2 c6 7. O-O Qa5 8. h3
Be6 9. Nd2 d5 10. Nb3 Qd8 11. cxd5 cxd5 12. Nc5 Qc8 13. Bg5 Nc6 14. Nxe6 fxe6
15. e3 Qd7 16. Rc1 Kh8 17. Qe2 Ne8 18. g4 Bf6 19. Bh6 Bg7 20. Bg5 Bf6 21. Bh6
Bg7 22. Bxg7+ Kxg7 23. Rfd1 Nd6 24. e4 dxe4 25. Bxe4 Nxe4 26. Qxe4 Rad8 27. d5
exd5 28. Nxd5 Qd6 29. Kg2 e6 30. Ne3 Qe7 31. Rxd8 Rxd8 32. Rd1 Rxd1 33. Nxd1
Qd6 34. Nc3 g5 35. h4 gxh4 36. g5 h3+ 37. Kxh3 Qd2 38. f4 Qxb2 39. Qd3 Qa3 40.
Kg4 Qc5 41. Ne4 Qf5+ 42. Kg3 e5 43. fxe5 Qxe5+ 44. Kg4 Qe6+ 45. Kg3 Ne5 46. Qe3
Qg4+ 47. Kf2 Qf5+ 48. Kg2 Kg6 49. Ng3 Qc2+ 50. Kh3 Qc8+ 51. Kg2 Qc6+ 52. Kh3
Qe6+ 53. Kg2 Qxa2+ 54. Kf1 Qb1+ 55. Ke2 Qc2+ 56. Ke1 Nd3+ 57. Kf1 Qc1+ 58. Qxc1
Nxc1 59. Ne4 a5 60. Ke1 b6 61. Kd2 Nb3+ 62. Kc3 Nc5 63. Nd6 Kxg5 64. Nc4 Nd7
0-1

[Event "V Festival Magistrale"]
[Site "Catania ITA"]
[Date "1994.08.07"]
[Round "2"]
[White "Genovese, Maurizio"]
[Black "Rausis, Igors"]
[Result "0-1"]
[WhiteElo "2250"]
[BlackElo "2485"]
[PlyCount "86"]
[EventDate "1994.08.06"]

1. d4 d5 2. c4 Bf5 3. Qb3 e5 4. cxd5 exd4 5. Nf3 Bc5 6. Qc4 Qe7 7. Nxd4 Bxb1 8.
Rxb1 Qe4 9. Qxc5 Qxb1 10. e3 Nd7 11. Bb5 O-O-O 12. Bxd7+ Rxd7 13. O-O Qxa2 14.
Qf8+ Rd8 15. Qxg7 Ne7 16. e4 Qa4 17. Be3 Qe8 18. Rc1 Ng6 19. Ne6 Rd7 20. Nc5
Rd6 21. Qd4 Qb5 22. e5 Rdd8 23. Ne4 Qxd5 24. Nd6+ Rxd6 25. exd6 Qxd4 26. Rxc7+
Kb8 27. Bxd4 Rd8 28. Bc5 b6 29. Ba3 Rc8 30. Rxc8+ Kxc8 31. f3 Ne5 32. Kf2 Nc4
33. Ke2 Kd7 34. Kd3 Nxa3 35. bxa3 Kxd6 36. Kd4 b5 37. g3 a5 38. h3 b4 39. axb4
axb4 40. Kc4 Ke5 41. h4 b3 42. Kxb3 Kd4 43. h5 Ke3 0-1

[Event "V Festival Magistrale"]
[Site "Catania ITA"]
[Date "1994.08.07"]
[Round "2"]
[White "Godena, Michele"]
[Black "Ortega, Lexy"]
[Result "0-1"]
[WhiteElo "2485"]
[BlackElo "2450"]
[PlyCount "106"]
[EventDate "1994.08.06"]

1. e4 c5 2. c3 e6 3. d4 d5 4. exd5 exd5 5. Nf3 Nc6 6. Bb5 Be6 7. dxc5 Bxc5 8.
O-O Nge7 9. Nbd2 O-O 10. Nb3 Bb6 11. Bd3 Ng6 12. Re1 Bg4 13. h3 Bxf3 14. Qxf3
Nge5 15. Qg3 Re8 16. Bf4 Qf6 17. Bb5 Re6 18. Bxc6 Nxc6 19. Rxe6 fxe6 20. Bc7 e5
21. Bxb6 axb6 22. Qd3 Qe6 23. Qb5 Ne7 24. Re1 Qc6 25. Qxc6 Nxc6 26. a3 Kf7 27.
Kf1 Ra4 28. f3 h5 29. Nc1 Kf6 30. Nd3 Rc4 31. Rd1 g5 32. Ke2 Ne7 33. Kf2 d4 34.
cxd4 Rc2+ 35. Kg1 exd4 36. Re1 Nf5 37. Rc1 Rd2 38. Nf2 Rxb2 39. Rc7 Ng3 40. h4
gxh4 41. Rxb7 Ne2+ 42. Kh2 Nf4 43. Ne4+ Ke6 44. Kh1 d3 45. a4 Ne2 46. Kh2 Ng3
47. Nc3 Rb3 48. Nd1 Rb1 49. Nf2 d2 50. Kh3 Nh1 51. Nd1 Rxd1 52. Rxb6+ Kd7 53.
Rb2 Nf2+ 0-1

[Event "V Festival Magistrale"]
[Site "Catania ITA"]
[Date "1994.08.07"]
[Round "2"]
[White "Levitt, Jonathan Paul"]
[Black "Mantovani, Renzo"]
[Result "1/2-1/2"]
[WhiteElo "2425"]
[BlackElo "2365"]
[PlyCount "57"]
[EventDate "1994.08.06"]

1. d4 Nf6 2. c4 e6 3. Nc3 Bb4 4. e3 d5 5. a3 Be7 6. Nf3 O-O 7. Bd3 dxc4 8. Bxc4
c5 9. O-O cxd4 10. exd4 Nbd7 11. Ba2 Nb6 12. Ne5 Nbd5 13. Qf3 Nxc3 14. bxc3 Qc7
15. Bf4 Bd6 16. Rfe1 Nd7 17. Qg3 Nxe5 18. Bxe5 Bxe5 19. Rxe5 g6 20. Rae1 Bd7
21. h4 Rac8 22. R1e3 Kg7 23. h5 f6 24. R5e4 Qxg3 25. fxg3 Rfe8 26. hxg6 hxg6
27. Kf2 e5 28. dxe5 Rxe5 29. Rxe5 1/2-1/2

[Event "V Festival Magistrale"]
[Site "Catania ITA"]
[Date "1994.08.07"]
[Round "2"]
[White "Marinelli, Tullio"]
[Black "Ciampi, Vincenzo"]
[Result "1-0"]
[WhiteElo "2375"]
[BlackElo "2175"]
[PlyCount "79"]
[EventDate "1994.08.06"]

1. d4 Nf6 2. c4 g6 3. Nc3 Bg7 4. e4 d6 5. f3 O-O 6. Be3 e5 7. d5 c6 8. Bd3 cxd5
9. cxd5 Nh5 10. Nge2 f5 11. Qd2 a6 12. Rc1 Nd7 13. b4 Qh4+ 14. Bf2 Qe7 15. exf5
gxf5 16. O-O e4 17. fxe4 f4 18. Nd4 Ne5 19. Be2 f3 20. Nxf3 Nf4 21. Be3 Neg6
22. e5 Nxe2+ 23. Nxe2 Nxe5 24. Nxe5 Rxf1+ 25. Rxf1 Qxe5 26. Bf4 Qe7 27. Ng3 Bd7
28. Re1 Qh4 29. Re4 Qf6 30. h3 Be8 31. Re6 Qa1+ 32. Kh2 Bg6 33. Bxd6 Bd4 34.
Ne2 Bg7 35. Bg3 Rc8 36. d6 Bf5 37. Re7 Rd8 38. Qd5+ Kh8 39. Qxf5 Rf8 40. Rf7
1-0

[Event "V Festival Magistrale"]
[Site "Catania ITA"]
[Date "1994.08.07"]
[Round "2"]
[White "Naumkin, Igor"]
[Black "Contin, Daniel"]
[Result "1-0"]
[WhiteElo "2475"]
[BlackElo "2425"]
[PlyCount "75"]
[EventDate "1994.08.06"]

1. d4 Nf6 2. c4 e6 3. Nf3 b6 4. g3 Ba6 5. b3 Bb4+ 6. Bd2 Be7 7. Nc3 O-O 8. Bg2
d5 9. cxd5 Nxd5 10. O-O Nd7 11. Nxd5 exd5 12. Rc1 Re8 13. Re1 c5 14. Be3 Bb7
15. Bh3 Bd6 16. Bxd7 Rxe3 17. Bh3 Re4 18. e3 a5 19. Bg2 Re6 20. Nh4 Bf8 21. Re2
Qg5 22. Rd2 Rd8 23. Nf3 Qh6 24. h4 f6 25. Ne1 Kh8 26. dxc5 Bxc5 27. Nc2 Re5 28.
Nd4 Rde8 29. Qf3 Qg6 30. Rcd1 Bc8 31. Qe2 Bg4 32. Bf3 Bd7 33. Kg2 Bd6 34. Qd3
f5 35. Ne2 Bb4 36. Rc2 Qh6 37. Nf4 d4 38. Qxd4 1-0

[Event "V Festival Magistrale"]
[Site "Catania ITA"]
[Date "1994.08.07"]
[Round "2"]
[White "Pantaleoni, Claudio"]
[Black "Urday Caceres, Henry"]
[Result "0-1"]
[WhiteElo "2225"]
[BlackElo "2470"]
[PlyCount "72"]
[EventDate "1994.08.06"]

1. d4 Nf6 2. Nf3 d6 3. Nc3 Bg4 4. e4 e6 5. Be3 d5 6. h3 Bh5 7. exd5 exd5 8. Bd3
c6 9. g4 Bg6 10. Ne5 Bb4 11. Nxg6 hxg6 12. Qf3 Nbd7 13. O-O Nf8 14. Qg2 Qc7 15.
f4 O-O-O 16. f5 Bd6 17. Rf3 gxf5 18. Bxf5+ Ne6 19. Rb1 Kb8 20. Bxe6 fxe6 21. b4
Ne4 22. Ne2 e5 23. dxe5 Bxe5 24. Rbf1 Rde8 25. Rf7 Qd6 26. R1f5 Kc8 27. c3 Nxc3
28. Nxc3 Bxc3 29. Bc5 Qe6 30. Rf3 Bf6 31. Rc7+ Kb8 32. Re3 Qxe3+ 33. Bxe3 Rxe3
34. Rf7 Rhxh3 35. Qd2 Reg3+ 36. Kf1 Rh1+ 0-1

[Event "V Festival Magistrale"]
[Site "Catania ITA"]
[Date "1994.08.07"]
[Round "2"]
[White "Sedina, Elena"]
[Black "Farina, Saverio"]
[Result "1-0"]
[WhiteElo "2335"]
[BlackElo "2100"]
[PlyCount "99"]
[EventDate "1994.08.06"]

1. e4 e6 2. d4 d5 3. e5 c5 4. c3 Nc6 5. Nf3 Qb6 6. a3 c4 7. Nbd2 f6 8. Be2 Qc7
9. exf6 Nxf6 10. O-O Bd6 11. b3 cxb3 12. c4 O-O 13. c5 Bf4 14. g3 Bxd2 15. Bxd2
e5 16. dxe5 Nxe5 17. Bf4 Nxf3+ 18. Bxf3 Qxc5 19. Qxb3 Bh3 20. Rfd1 Qb6 21. Qxb6
axb6 22. Rdb1 Rfc8 23. Be5 Rc5 24. Bd4 Rca5 25. Rb3 Ne4 26. Bxb6 Ra4 27. Be3
Nf6 28. Bc5 R4a5 29. Bb4 Rb5 30. Be2 Rb6 31. Rd1 Rc8 32. Rbd3 Rc2 33. Bf3 Be6
34. R3d2 Rbc6 35. Rxc2 Rxc2 36. Re1 Kf7 37. Kg2 b6 38. h4 d4 39. Rd1 Rc4 40.
Be2 Bd5+ 41. Kg1 Rc2 42. Rxd4 Ke6 43. Ba6 Rc1+ 44. Rd1 Rc2 45. Re1+ Kf7 46. Bd3
Ra2 47. Re7+ Kg8 48. Rc7 Ng4 49. Rc8+ Kf7 50. Rf8+ 1-0

[Event "V Festival Magistrale"]
[Site "Catania ITA"]
[Date "1994.08.07"]
[Round "2"]
[White "Stassi, Emilio"]
[Black "Caruso, Augusto"]
[Result "1/2-1/2"]
[WhiteElo "2150"]
[BlackElo "2245"]
[PlyCount "39"]
[EventDate "1994.08.06"]

1. d4 Nf6 2. c4 c5 3. d5 e6 4. Nc3 exd5 5. cxd5 d6 6. e4 g6 7. Nf3 Bg7 8. h3
O-O 9. Bd3 b5 10. Nxb5 Nxe4 11. Bxe4 Re8 12. Ng5 Qa5+ 13. Nc3 h6 14. Ne6 Bxc3+
15. bxc3 Qxc3+ 16. Bd2 Qc4 17. Qe2 Qxe2+ 18. Kxe2 Na6 19. Bxh6 fxe6 20. Kf3
1/2-1/2

[Event "V Festival Magistrale"]
[Site "Catania ITA"]
[Date "1994.08.07"]
[Round "2"]
[White "Zichichi, Alvise"]
[Black "Fabiano, Giuseppe"]
[Result "1-0"]
[WhiteElo "2295"]
[BlackElo "2210"]
[PlyCount "37"]
[EventDate "1994.08.06"]

1. d4 Nf6 2. Bg5 d6 3. Bxf6 gxf6 4. e3 c5 5. c3 cxd4 6. cxd4 Nc6 7. Nc3 Bd7 8.
Rc1 Bg7 9. Nge2 f5 10. Nf4 O-O 11. Nh5 Bh6 12. Be2 a6 13. O-O Qa5 14. f4 Rfd8
15. Qe1 Kh8 16. Qh4 Bf8 17. Rf3 Re8 18. Rg3 Qd8 19. Qg5 1-0

[Event "V Festival Magistrale"]
[Site "Catania ITA"]
[Date "1994.08.07"]
[Round "2"]
[White "Zueger, Beat"]
[Black "Sarno, Spartaco"]
[Result "1-0"]
[WhiteElo "2420"]
[BlackElo "2390"]
[PlyCount "87"]
[EventDate "1994.08.06"]

1. c4 e5 2. Nc3 Nf6 3. Nf3 Nc6 4. g3 d5 5. cxd5 Nxd5 6. Bg2 Nb6 7. O-O Be7 8.
a3 O-O 9. b4 Re8 10. d3 Bf8 11. Be3 Bg4 12. h3 Bh5 13. Nd2 Rb8 14. Nb3 Nd4 15.
g4 Bg6 16. Bxd4 exd4 17. Nb5 h5 18. N5xd4 hxg4 19. hxg4 Qh4 20. e4 Rbd8 21. Rc1
Rd7 22. Nf5 Bxf5 23. gxf5 Red8 24. d4 Bd6 25. Re1 Be5 26. Qc2 Bxd4 27. Nxd4
Rxd4 28. Qxc7 Rd2 29. Rf1 R8d3 30. Qxb7 Rxa3 31. e5 Qg5 32. e6 fxe6 33. fxe6
Nd5 34. Qf7+ Kh7 35. Rc5 Rh3 36. Rxd5 Rxd5 37. e7 Rd7 38. Qe6 Rh1+ 39. Kxh1
Rxe7 40. Qh3+ Kg8 41. Qc8+ Kh7 42. Qh3+ Kg8 43. Rd1 Re5 44. Bd5+ 1-0

[Event "V Festival Magistrale"]
[Site "Catania ITA"]
[Date "1994.08.08"]
[Round "3"]
[White "Caruso, Augusto"]
[Black "Sarno, Spartaco"]
[Result "0-1"]
[WhiteElo "2245"]
[BlackElo "2390"]
[PlyCount "70"]
[EventDate "1994.08.06"]

1. e4 d6 2. d4 Nf6 3. Nc3 g6 4. f4 Bg7 5. Nf3 c5 6. d5 O-O 7. Bd3 e6 8. O-O
exd5 9. exd5 Na6 10. Bc4 Nc7 11. a4 Rb8 12. Nb5 a6 13. Nxc7 Qxc7 14. a5 Re8 15.
c3 Bd7 16. Nh4 Bb5 17. Bxb5 axb5 18. f5 c4 19. fxg6 Qc5+ 20. Kh1 fxg6 21. Bf4
Nxd5 22. Qg4 Nxf4 23. Rxf4 Qc8 24. Qg3 Be5 25. Nxg6 Bxf4 26. Nxf4+ Kh8 27. Nh5
Qc7 28. Rf1 Re5 29. Nf4 Rg8 30. Qh3 Qf7 31. Kg1 Qg7 32. Qf3 Rf5 33. Qh3 Qg4 34.
Ng6+ Rxg6 35. Rxf5 Qxh3 0-1

[Event "V Festival Magistrale"]
[Site "Catania ITA"]
[Date "1994.08.08"]
[Round "3"]
[White "Ciampi, Vincenzo"]
[Black "Pantaleoni, Claudio"]
[Result "0-1"]
[WhiteElo "2175"]
[BlackElo "2225"]
[PlyCount "126"]
[EventDate "1994.08.06"]

1. e4 e6 2. d3 c5 3. g3 Nc6 4. Bg2 g6 5. Nc3 Bg7 6. Be3 b6 7. Qd2 Bb7 8. Nh3 d6
9. O-O Qd7 10. a4 a6 11. Nf4 Nge7 12. h4 h5 13. Nd1 d5 14. exd5 exd5 15. Nh3
Ne5 16. Bf4 O-O 17. Re1 N7c6 18. Nc3 Qxh3 19. Bxh3 Nf3+ 20. Kf1 Nxd2+ 21. Bxd2
Nd4 22. Re7 Bc6 23. Rc1 Rfe8 24. Rxe8+ Rxe8 25. Bg2 Rd8 26. Bg5 Rd7 27. Bh3 f5
28. Bg2 Ne6 29. Bd2 Bxc3 30. Bxc3 Bxa4 31. b3 Bb5 32. Re1 Kf7 33. Re5 d4 34.
Bd2 Kf6 35. f4 Rd6 36. Kf2 Bc6 37. Bxc6 Rxc6 38. Rd5 Ke7 39. Re5 a5 40. c3 Kd6
41. c4 Rc7 42. Rd5+ Kc6 43. g4 fxg4 44. Re5 Re7 45. f5 gxf5 46. Rxf5 Ng7 47.
Rf6+ Re6 48. Rf7 Ne8 49. Bg5 Nd6 50. Ra7 Nf5 51. Rf7 g3+ 52. Kf3 Re1 53. Rf6+
Kd7 54. Kg2 Re2+ 55. Kf1 Rf2+ 56. Ke1 Rf3 57. Kd2 g2 58. Rf7+ Ke6 59. Rf6+ Ke5
60. Rxb6 Rf1 61. Bf6+ Kf4 62. Bg5+ Kg4 63. Rg6 Ng3 0-1